Quizzes
Events
Quiz Creation
Community
Videos
Private Events
Remove Ads
Sign In
Join for FREE
Feedback
Dark Mode
Quiz Categories
Sports
Geography
Music
Movies
Television
Just For Fun
Miscellaneous
History
Literature
Language
Science
Gaming
Entertainment
Religion
Holiday
For Kids
Quiz Lab
Recent
Popular Today
Quiz Kudos Today
Editor Picks
Curator Picks
Quizzes by...
Day
Popularity
Type
Ratings
Length
Year
Community
Subscriptions
Recent Discussions
Orange Saloon
Badges
Playlists
Quests
Create
Leaderboards
Showdown
Live 5
Trivia Bingo
Activity
Puzzle Library
Sporcle Events
Private Events
Virtual Trivia
Globe League
Become a Host
Pub Owners
SporcleCon
Opinionation
Our Games
Videos
Blog
Mobile Apps
Partnerships
Remove Ads and Go Orange
Feedback
Sports
Athletes
MLB
NBA
NHL
NFL
Soccer
Sports Teams
WWE
NCAA
Football
Premier League
Basketball
Baseball
Hockey
Golf
Tennis
Cricket
Rugby
Auto Racing
Olympics
World Cup
Sports
Athletes
MLB
NBA
NHL
NFL
Soccer
Sports Teams
WWE
NCAA
Football
Premier League
Basketball
Baseball
Hockey
Golf
Tennis
Cricket
Rugby
Auto Racing
Olympics
World Cup
Random Quiz
Search Sporcle
×
Quiz Lab
Quiz Lab
Sports
NFL
Type in answers that appear in a list
Type in answers that appear in a list
Classic
Best Score? Go Orange.
NFL Leaders Since 1990 Stats
Can you name the the NFL passing, rushing, and receiving (yardage) leaders since 1990?
By
treerings1
6m
57 Questions
801 Plays
801 Plays
801 Plays
Comments
Comments
Give Quiz Kudos
Give Quiz Kudos
-
- Ratings
hide this ad
Replay
Link that replays current quiz
Next Quiz
Link to next quiz in quiz playlist
You Got
0%
They Got
Avg Score
68%
Avg Friend Score
Upgrade to see
Score Distribution
Jump to the score distribution portion of the page
Score
0/57
Timer
06:00
0
Plays Today
Year
Player
% Correct
2003
Peyton Manning
97.9%
2000
Peyton Manning
97.9%
2007
Tom Brady
94.8%
2005
Tom Brady
94.8%
2008
Drew Brees
94.1%
2006
Drew Brees
94.1%
2006
Chad Ochocino
93.8%
2008
Andre Johnson
93.5%
1995
Emmitt Smith
91.4%
1991
Emmitt Smith
91.4%
1992
Emmitt Smith
91.4%
1993
Emmitt Smith
91.4%
2005
Steve Smith
91.3%
1998
Brett Favre
88.8%
1995
Brett Favre
88.8%
2007
Ladainian Tomlinson
86.9%
2006
Ladainian Tomlinson
86.9%
2008
Adrian Peterson
82%
1995
Jerry Rice
78.8%
1994
Jerry Rice
78.8%
1993
Jerry Rice
78.8%
1990
Jerry Rice
78.8%
1993
John Elway
78%
1992
Dan Marino
77.8%
2001
Kurt Warner
76.4%
1997
Barry Sanders
74.8%
1996
Barry Sanders
74.8%
1994
Barry Sanders
74.8%
1990
Barry Sanders
74.8%
Year
Player
% Correct
2005
Shaun Alexander
74%
2002
Marvin Harrison
71.3%
1999
Marvin Harrison
71.3%
1998
Terrell Davis
64.8%
2001
Priest Holmes
61.3%
2003
Jamal Lewis
60.8%
2000
Edgerrin James
60.5%
1999
Edgerrin James
60.5%
2003
Torry Holt
59.7%
2000
Torry Holt
59.7%
2004
Daunte Culpepper
59.4%
2007
Reggie Wayne
58.9%
2002
Rich Gannon
57.4%
1996
Isaac Bruce
56.4%
2002
Ricky Williams
55.7%
2004
Curtis Martin
55.1%
1991
Michael Irvin
51.7%
1994
Drew Bledsoe
50.4%
1991
Warren Moon
50.3%
1990
Warren Moon
50.3%
1997
Jeff George
45.9%
1992
Sterling Sharpe
35.2%
1996
Mark Brunell
27.7%
1997
Rob Moore
27.5%
2004
Muhsin Muhammad
24.1%
1998
Antonio Freeman
22.5%
1999
Steve Beuerlein
21.1%
2001
David Boston
20.3%
Quiz Playlist
Details
Report
Send in Message
Add To Playlist
Classic:
Type in answers that appear in a list
Quiz Source
Last Updated: Feb 16, 2017
Quiz Scoreboard
CHALLENGE
Sign Up to Join the Scoreboard
Show All
Scores
Hide
Comments
May contain spoilers
Recently Published
Presidents Visiting Landmarks
by Hejman
History
7m
An Introduction to Baseball
by treessimontrees
Sports
5m
Movies - When Are They Set?
by FPL_Elf
Movies
5m
More to Explore
Quiz From the Vault
Featured Blog Post
Where Did the Easter Bunny Come From?
hide this ad
You Might Also Like...
Tags
Football Quiz
NFL Quiz
1990
Passing
Player
Receiving
Rushing
Yard
Today's Top Quizzes in Sports
Browse Sports
hide this ad
Today's Top Quizzes in NFL
Browse NFL
Top Contributed Quizzes in Sports
1
Les meilleurs buteurs des matchs entre le PSG et l’OM
2
2022 World Cup Stars
3
FIFA Club World Cup Champions
4
Les entraîneurs de l'OM et du PSG au 21e siècle
5
Name the Premier League winners with different clubs
6
La finale Lions - Afrique du Sud 2021
7
England Test cricketers to play under Nasser Hussain
8
5-to-1: UK Sports Teams
9
Les joueurs passés par le LOSC et le RC Lens
10
Criteria MLB: Left Handed Sluggers
Explore More
Trending Topics
Crossword
NBA
Marvel
Anime
Kpop
Disney
Harry Potter
Song
The Office
Pokémon
NFL
WWE
Country
Puzzle
Soccer
hide this ad
More By:
treerings1
Quiz
Plays
Rating
Category
Featured
Created
NCAA FBS (Div. 1) Football Teams
1,309
3.50
Sports
Nov 21, 2009
2008 Soda Market Share
829
5.00
Miscellaneous
Nov 23, 2009
NFL Leaders Since 1990
801
4.17
Sports
Nov 11, 2009
Go to Creator's Profile
Score Distribution
Quiz Creator Spotlight
treerings1
Follow
Send a Message
Quizzes Created
-
Created Quiz Play Count
-
More By This Creator
Popular Quizzes Today
1
Find the US States - No Outlines Minefield
2
Find the Countries of Europe - No Outlines Minefield
3
The Countries of the World
4
Popular People in 1961
5
Find the US States
6
US States
7
Risky Map Clicking: Biggest States A-Z
8
1-10 Letter E Words III
More Sports Quizzes
Rays Yearly Top 5 RBI's
Curator's Pick
Trending Quizzes
Risky Map Clicking: Least Populous States A-Z
1-10 Letter G Words
1-10 Letter F Words
One Thing in Common: United Kingdom
Risky Map Clicking: Next State Alphabetically
Recently Updated
Leaping Animals
pecheneg
Reality TV Shows (A-Z)
bhenderson79
Rickey Henderson's Hall of Fame Teammates
pecheneg
Champions League XIs: Arsenal
pecheneg
Quick Pick: Celebrities in WWE's Hall of Fame
aduchscher
A-Z Keypad Blitz II
pecheneg
Multiple Oscar Actors
pecheneg
Mystery Phrase Blitz: Oscar 'Best Actors'
pecheneg
F. Scott Fitzgerald Novels
LTH
Pick 3 Villains
ddd62291
Trending Topics
Anime
Kpop
Marvel
Disney
Crossword
NBA
Harry Potter
The Office
Puzzle
Soccer
NFL
Pokémon
Country
Song
WWE
Your Account Isn't Verified!
In order to create a playlist on Sporcle, you need to verify the email address you used during registration. Go to your
Sporcle Settings
to finish the process.
Report this User
Report this user for behavior that violates our
Community Guidelines
.
Details:
Send Report
Go to the Sporcle.com Mobile Site →
Comments